000 00806nam a2200277Ia 4500
003 OSt
005 20221006142334.0
006 a|||||r|||| 00| 0
007 ta
008 221006b |||||||| |||| 00| 0 eng d
020 _a9780930878917
_cW 8,000 (each)
024 _a6,102
037 _bGift, Window on Korea
_cTextual
040 _aEASL
_cEASL
_beng
041 _2eng
_aeng
082 _aO495,3, N0
100 _aKim Youg-kol
_9647435
245 0 _aBrave Hong Gil-dong (Kil - dong)
_b The man who bought the shade of a tree
260 _aSeoul
_bHollym Korea
_c1990
300 _a45p.
_ccm.
490 _v KEL
650 _a KEL
650 _aLiterature - Korea
_9647436
942 _hO495,3, N0
_cTEXL
_2CC
999 _c1074188
_d1074188